Marketing Management (Record no. 88302)

MARC details
000 -LEADER
fixed length control field 00494nam a2200205Ia 4500
008 - FIXED-LENGTH DATA ELEMENTS--GENERAL INFORMATION
fixed length control field 230125s9999 xx 000 0 und d
020 ## - INTERNATIONAL STANDARD BOOK NUMBER
International Standard Book Number 81 7660 169 1
041 ## - LANGUAGE CODE
Language code of text/sound track or separate title eng
082 ## - DEWEY DECIMAL CLASSIFICATION NUMBER
Classification number 658.8
Item number KUL
100 ## - MAIN ENTRY--PERSONAL NAME
Personal name Kulkarni M V
245 ## - TITLE STATEMENT
Title Marketing Management
250 ## - EDITION STATEMENT
Edition statement 9th ed
260 ## - PUBLICATION, DISTRIBUTION, ETC. (IMPRINT)
Date of publication, distribution, etc. 2009
Name of publisher, distributor, etc. Everest Publishing house
Place of publication, distribution, etc. Pune
300 ## - PHYSICAL DESCRIPTION
Extent 683p
500 ## - GENERAL NOTE
Keywords marketing
650 ## - SUBJECT ADDED ENTRY--TOPICAL TERM
Topical term or geographic name as entry element Marketing Management
700 ## - ADDED ENTRY--PERSONAL NAME
Personal name Kulkarni M V
906 ## - LOCAL DATA ELEMENT F, LDF (RLIN)
b 125
Holdings
Withdrawn status Lost status Damaged status Not for loan Home library Current library Date acquired Vendor Cost, normal purchase price Bill number Full call number Barcode Date last seen Cost, replacement price Bill Date Koha item type Original Barcode Total Checkouts Date last checked out
Withdrawn 2022-23       Smt. Hiraben Nanavati Institute of Management & Research for Women Smt. Hiraben Nanavati Institute of Management & Research for Women 12/11/2010 Everest publisher 415.00 10104 658.8 KUL B09165 HIMR-BK-9165 25/01/2023 290.00 28/10/2010 Books B09165    
Withdrawn 2022-23       Smt. Hiraben Nanavati Institute of Management & Research for Women Smt. Hiraben Nanavati Institute of Management & Research for Women 12/11/2010 Everest publisher 415.00 10104 658.8 KUL B09166 HIMR-BK-9166 25/01/2023 290.00 28/10/2010 Books B09166    
        Smt. Hiraben Nanavati Institute of Management & Research for Women Smt. Hiraben Nanavati Institute of Management & Research for Women 12/11/2010 Everest publisher 415.00 10104 658.8 KUL B09168 HIMR-BK-9168 25/01/2023 290.00 28/10/2010 Books B09168    
        Smt. Hiraben Nanavati Institute of Management & Research for Women Smt. Hiraben Nanavati Institute of Management & Research for Women 12/11/2010 Everest publisher 415.00 10104 658.8 KUL B09167 HIMR-BK-9167 28/06/2023 290.00 28/10/2010 Books B09167 1 27/06/2023
Withdrawn 2022-23       Smt. Hiraben Nanavati Institute of Management & Research for Women Smt. Hiraben Nanavati Institute of Management & Research for Women 12/11/2010 Everest publisher 415.00 10104 658.8 KUL B09164 HIMR-BK-9164 25/01/2023 290.00 28/10/2010 Books B09164